Ратификация международных договоров Российской Федерации. Ч. 2 (Запись № 1564594)
[ простой вид ]
| 000 -МАРКЕР | |
|---|---|
| контрольное поле | 01057nam2a2200253 4500 |
| 001 - ИДЕНТИФИКАТОР ЗАПИСИ | |
| контрольное поле | RU\NLR\bibl\1178915 |
| 005 - ИДЕНТИФИКАТОР ВЕРСИИ | |
| контрольное поле | 20250615091646.0 |
| 021 ## - НОМЕР ГОСУДАРСТВЕННОЙ РЕГИСТРАЦИИ | |
| Код страны | Российская Федерация |
| Номер | 2007-83703 |
| Номер Листа государственной регистраци | 4509 |
| 035 ## - ДРУГИЕ СИСТЕМНЫЕ НОМЕРА | |
| Идентификатор записи | (NLR Aleph) 001165540 |
| 100 ## - ДАННЫЕ ОБЩЕЙ ОБРАБОТКИ | |
| Данные общей обработки | 20080123d2007 |||y0rusy50 ca |
| 101 0# - ЯЗЫК РЕСУРСА | |
| Язык текста, звукозаписи и т.д. | русский |
| 102 ## - СТРАНА ПУБЛИКАЦИИ ИЛИ ПРОИЗВОДСТВА | |
| Страна публикации | Российская Федерация |
| 105 ## - ПОЛЕ КОДИРОВАННЫХ ДАННЫХ: ТЕКСТОВЫЕ МАТЕРИАЛЫ, МОНОГРАФИЧЕСКИЕ | |
| Кодированные данные о монографическом текстовом документе | y ||||||||| |
| 200 0# - ЗАГЛАВИЕ И СВЕДЕНИЯ ОБ ОТВЕТСТВЕННОСТИ | |
| Основное заглавие | Ч. 2 |
| 210 ## - ПУБЛИКАЦИЯ, РАСПРОСТРАНЕНИЕ И ДР. | |
| Дата издания, распространения и т.д. | 2007 |
| Место издания, распространения и т.д. | Б. м. |
| 215 ## - ФИЗИЧЕСКАЯ ХАРАКТЕРИСТИКА | |
| Специфическое обозначение материала и объем | 135 с. |
| 320 ## - ПРИМЕЧАНИЯ О НАЛИЧИИ В ДОКУМЕНТЕ БИБЛИОГРАФИИ / УКАЗАТЕЛЯ | |
| Текст примечания | Библиогр. в подстроч. примеч. |
| 461 #0 - УРОВЕНЬ НАБОРА | |
| Встроенное поле | 001RU\NLR\bibl\1098821 |
| -- | 2001#$aРатификация международных договоров Российской Федерации$vЧ. 2 |
| Системный номер (АБИС) связанной записи | 1087921 |
| Место публикации | Москва |
| Дата публикации | 2006 |
| Первые сведения об ответственности | Федер. Собр. Рос. Федерации, Гос. Дума |
| Имя издателя, распространителя и т.д. | издание Государственной Думы |
| Сведения, относящиеся к заглавию | [сборник] |
| Заглавие | Ратификация международных договоров Российской Федерации |
| Номер тома | Ч. 2 |
| 801 #0 - ИСТОЧНИК ЗАПИСИ | |
| Страна | Российская Федерация |
| Организация | NLR |
| Дата составления | 20080123 |
| Правила каталогизации | RCR |
| 801 #1 - ИСТОЧНИК ЗАПИСИ | |
| Страна | Российская Федерация |
| Организация | NLR |
| Дата составления | 20080123 |
| 942 ## - ДОПОЛНИТЕЛЬНЫЕ ЭЛЕМЕНТЫ ЗАПИСИ (АБИС) | |
| Тип экземпляра АБИС | Книга |
| 980 ## - КОЛЛЕКЦИЯ | |
| Название коллекции | Национальная библиография |
| Тип экземпляра | Дата поступления | Источник поступления | Библиотека постоянного хранения | Библиотека текущего хранения | Место хранения | Шифр хранения | Штрих-код | Статус экземпляра |
|---|---|---|---|---|---|---|---|---|
| Книга | 23.01.2008 | Обязательный экземпляр | РНБ (Московский) | РНБ (Московский) | Русский книжный фонд: издания с 1957 года | 2007-3/14308 | 2590533 | |
| Книга | 23.01.2008 | Обязательный экземпляр | РНБ (Московский) | РНБ (Московский) | Русский книжный фонд: издания с 1957 года | 2007-3/14308 | 2590534 |